Projektovanie logistického systému v podniku diplomová práca

Gespeichert in:
Bibliographische Detailangaben
1. Verfasser: Taraba, Viktor
Körperschaft: Fakulta podnikového manažmentu EU. Katedra manažmentu výroby a logistiky - zrušená
Weitere Verfasser: Dupaľ, Andrej
Format: Buch
Sprache:Slowakisch
Veröffentlicht: Bratislava 2015
Tags: Tag hinzufügen
Keine Tags, Fügen Sie das erste Tag hinzu!

MARC

LEADER 00000nbm a2200000 4500
001 0201215
005 20161212100807.1
041 0 |a slo 
044 |a SK 
245 1 0 |a Projektovanie logistického systému v podniku  |b diplomová práca  |c Viktor Taraba ; školiteľ: Andrej Dupaľ 
264 1 |a Bratislava  |c 2015 
300 |a 62 s. 
100 1 |a Taraba, Viktor 
700 1 |a Dupaľ, Andrej 
710 2 |a Fakulta podnikového manažmentu EU. Katedra manažmentu výroby a logistiky - zrušená